000 00441nam a2200193Ia 4500
005 20250603150004.0
008 250603s9999 xx 000 0 und d
020 _a0-13-196845-9
050 _aQR 181 .W735/
100 _aWood, Peter (Peter John), 1952
245 0 _aUnderstanding immunology
250 _a2nd ed.
260 _aHarlow
260 _bPearson
260 _c2006
300 _a299 p
650 _aHarlow
942 _cBK
999 _c43441
_d43441